[Event "2nd Yerevan Open"]
[Site "?"]
[Date "2017.09.25"]
[Round "7.1"]
[White "Grigoryan, Karen H"]
[Black "Melkumyan, Hrant"]
[Result "1-0"]
[WhiteElo "2568"]
[BlackElo "2642"]
[PlyCount "169"]
[EventDate "2017.??.??"]
[TimeControl "6000+900"]
[WhiteClock "0:08:54"]
[BlackClock "0:01:02"]

1. e4 e5 2. Nc3 Nf6 3. g3 d5 4. exd5 Nxd5 5. Bg2 Nxc3 6. bxc3 Nc6 7. Nf3 Bc5 8.
O-O O-O 9. d3 Bg4 10. h3 Bh5 11. g4 Bg6 12. Ng5 Be7 13. Ne4 Qd7 14. f4 f5 15.
Ng3 Bd6 16. gxf5 Bxf5 17. Nxf5 Qxf5 18. Qf3 exf4 19. Qd5+ Kh8 20. Qxf5 Rxf5 21.
Rb1 Raf8 22. Be4 Rg5+ 23. Kf2 Nd8 24. Bd2 b6 25. Bf3 Nf7 26. Rh1 Rg3 27. Rbg1
Ng5 28. Bg2 Bc5+ 29. d4 Bd6 30. Re1 h5 31. h4 Nh7 32. Rh3 Nf6 33. Rxg3 fxg3+
34. Kg1 Ng4 35. Bg5 g6 36. Re6 Rf2 37. Be4 Kg7 38. Bxg6 g2 39. Rxd6 cxd6 40.
Bxh5 Rxc2 41. Bxg4 Kg6 42. Bf4 Rxc3 43. h5+ Kf6 44. h6 Kg6 45. Be6 Rf3 46. Bxd6
Kxh6 47. d5 Kg6 48. Be7 Re3 49. Bd8 Re2 50. a4 a6 51. Bd7 Rd2 52. Bxb6 Rxd5 53.
Bc6 Rd6 54. Be4+ Kf6 55. a5 Rd7 56. Bc6 Rd2 57. Bb7 Ke6 58. Bxa6 Kd6 59. Bb7
Rb2 60. Bf3 Ra2 61. Bb7 Rb2 62. Bc8 Kc6 63. Bf2 Rb8 64. Bf5 Kb5 65. Be1 Rg8 66.
Bd3+ Kc6 67. Bh4 Rg4 68. Bf2 Kb7 69. a6+ Kb8 70. Bb5 Rg7 71. Bc6 Rh7 72. Kxg2
Rf7 73. Bd4 Rh7 74. Kf1 Rf7+ 75. Ke2 Re7+ 76. Kd3 Rh7 77. Kc4 Re7 78. Bc5 Rh7
79. Kd4 Rh4+ 80. Ke3 Rh7 81. Kf4 Rh4+ 82. Kg5 Kc7 83. a7 Rc4 84. a8=Q Rxc5+ 85.
Bd5 1-0

[Event "2nd Yerevan Open"]
[Site "?"]
[Date "2017.09.25"]
[Round "7.2"]
[White "Kislinsky, Alexey"]
[Black "Petrosian, Tigran L"]
[Result "1/2-1/2"]
[WhiteElo "2505"]
[BlackElo "2615"]
[PlyCount "37"]
[EventDate "2017.??.??"]
[TimeControl "6000+860"]
[WhiteClock "0:58:54"]
[BlackClock "0:52:44"]

1. e4 d6 2. d4 Nf6 3. Nc3 g6 4. h3 Bg7 5. Be3 O-O 6. Nf3 c6 7. a4 Nbd7 8. a5
Qc7 9. Qd2 Rb8 10. Bd3 b5 11. axb6 axb6 12. O-O e5 13. dxe5 dxe5 14. b4 b5 15.
Ne2 Nb6 16. Ng3 Re8 17. Bh6 Qe7 18. Bxg7 Kxg7 19. Rfe1 1/2-1/2

[Event "2nd Yerevan Open"]
[Site "?"]
[Date "2017.09.25"]
[Round "7.3"]
[White "Pashikian, Arman"]
[Black "Aitbayev, Aslan"]
[Result "1/2-1/2"]
[WhiteElo "2592"]
[BlackElo "2427"]
[PlyCount "53"]
[EventDate "2017.??.??"]
[TimeControl "6000+1265"]
[WhiteClock "0:05:36"]
[BlackClock "0:06:00"]

1. d4 d6 2. Nf3 g6 3. g3 Bg7 4. Bg2 Nf6 5. O-O O-O 6. b3 Nc6 7. Bb2 e5 8. dxe5
Nd7 9. Qd2 dxe5 10. Rd1 Re8 11. e4 Nc5 12. Qxd8 Nxd8 13. Bxe5 Bg4 14. Bxg7 Kxg7
15. Nc3 Nxe4 16. Nb5 Ne6 17. h3 c6 18. hxg4 cxb5 19. Re1 Nc3 20. Re3 Rac8 21.
Rae1 Red8 22. Ne5 Nd4 23. Bxb7 Rc7 24. Nc6 Nce2+ 25. Kg2 Nxc6 26. Bxc6 Nd4 27.
Be4 1/2-1/2

[Event "2nd Yerevan Open"]
[Site "?"]
[Date "2017.09.25"]
[Round "7.4"]
[White "Mikaelyan, Arman"]
[Black "Rozum, Ivan"]
[Result "1-0"]
[WhiteElo "2474"]
[BlackElo "2590"]
[PlyCount "101"]
[EventDate "2017.??.??"]
[TimeControl "6000+1015"]
[WhiteClock "0:24:22"]
[BlackClock "0:20:09"]

1. d4 Nf6 2. Bf4 e6 3. e3 c5 4. Nf3 Nc6 5. Nbd2 d5 6. c3 Be7 7. h3 Bd6 8. Bxd6
Qxd6 9. Bd3 O-O 10. O-O e5 11. dxc5 Qxc5 12. e4 h6 13. Re1 Re8 14. Qc2 Be6 15.
b4 Qd6 16. exd5 Bxd5 17. Rad1 Rad8 18. Nc4 Qc7 19. Nfd2 e4 20. Bf1 Ne5 21. Nxe5
Rxe5 22. c4 b6 23. Re3 Bb7 24. Qb2 Re7 25. Rc1 Qd6 26. Rc2 Red7 27. c5 Qd4 28.
Qa3 bxc5 29. bxc5 Bc6 30. Nc4 Nd5 31. Re1 Nf4 32. Na5 Bd5 33. Qc3 Ne6 34. c6
Rc7 35. Qxd4 Nxd4 36. Rd2 Nxc6 37. Rc1 Rcd7 38. Bb5 Rb8 39. Ba4 Nxa5 40. Bxd7
Bc4 41. Rdc2 Rb7 42. Bf5 g6 43. Bxe4 Rb4 44. a3 Ra4 45. Rc3 Be6 46. Bc2 Rf4 47.
Rc7 a6 48. Re1 g5 49. Re4 Rxe4 50. Bxe4 Nc4 51. a4 1-0

[Event "2nd Yerevan Open"]
[Site "?"]
[Date "2017.09.25"]
[Round "7.5"]
[White "Hovhannisyan, Robert"]
[Black "Moskalenko, Alexander"]
[Result "1-0"]
[WhiteElo "2594"]
[BlackElo "2531"]
[PlyCount "67"]
[EventDate "2017.??.??"]
[TimeControl "6000+1410"]
[WhiteClock "0:17:16"]
[BlackClock "0:06:30"]

1. e4 e5 2. Nf3 Nc6 3. Bb5 a6 4. Ba4 d6 5. c3 Bd7 6. d4 g6 7. Bg5 f6 8. Be3 Nh6
9. O-O Ng4 10. Bc1 Bg7 11. Bb3 Qe7 12. Nbd2 f5 13. h3 Nf6 14. Re1 O-O-O 15. d5
Na7 16. c4 Kb8 17. Ba4 Bc8 18. b4 Bh6 19. Bc2 Bxd2 20. Bxd2 f4 21. b5 axb5 22.
cxb5 Nxb5 23. Rb1 Na7 24. Rb3 Nd7 25. Ra3 g5 26. Bd3 Nc5 27. Bb4 Bd7 28. Bxc5
dxc5 29. Qd2 b6 30. Rb1 Ka8 31. Bc4 Qd6 32. Qc3 Rhe8 33. Nd2 Rb8 34. Rxa7+ 1-0

[Event "2nd Yerevan Open"]
[Site "?"]
[Date "2017.09.25"]
[Round "7.6"]
[White "Aleksandrov, Aleksej"]
[Black "Gabrielian, Artur"]
[Result "1/2-1/2"]
[WhiteElo "2580"]
[BlackElo "2501"]
[PlyCount "59"]
[EventDate "2017.??.??"]
[TimeControl "6000+1415"]
[WhiteClock "0:23:54"]
[BlackClock "0:10:49"]

1. d4 Nf6 2. c4 c5 3. d5 e6 4. Nc3 exd5 5. cxd5 d6 6. Nf3 g6 7. Bf4 Bg7 8. Qa4+
Bd7 9. Qb3 b5 10. Bxd6 Qb6 11. Be5 O-O 12. e3 c4 13. Qd1 b4 14. Nb1 Rc8 15. Be2
Qc5 16. a3 Nxd5 17. Bxg7 Kxg7 18. O-O Nf6 19. Qd4 Qxd4 20. Nxd4 Nc6 21. Nxc6
Bxc6 22. axb4 Rab8 23. Rxa7 Rxb4 24. Ra2 Ra8 25. Rxa8 Bxa8 26. Rc1 Rxb2 27. Nc3
Nd5 28. Bxc4 Nxc3 29. Rxc3 Rb1+ 30. Bf1 1/2-1/2

[Event "2nd Yerevan Open"]
[Site "?"]
[Date "2017.09.25"]
[Round "7.7"]
[White "Gabuzyan, Hovhannes"]
[Black "Yegiazarian, Arsen"]
[Result "1-0"]
[WhiteElo "2573"]
[BlackElo "2421"]
[PlyCount "63"]
[EventDate "2017.??.??"]
[TimeControl "6000+605"]
[WhiteClock "0:48:05"]
[BlackClock "0:00:49"]

1. Nf3 c5 2. g3 Nc6 3. Bg2 g6 4. c3 Bg7 5. d4 cxd4 6. cxd4 d5 7. Nc3 e6 8. O-O
Nge7 9. b3 O-O 10. Ba3 b6 11. Rc1 Ba6 12. Qd2 Qd7 13. Rfd1 Rfd8 14. e4 dxe4 15.
Nxe4 f6 16. Bh3 Nd5 17. Qe1 f5 18. Nd6 Ncb4 19. Bxb4 Nxb4 20. Nc4 Qe7 21. a3
Nd5 22. Bg2 Rac8 23. Ng5 Nc7 24. h4 Rxd4 25. Ne5 Rxd1 26. Rxd1 Bb5 27. Rc1 Rd8
28. Nxg6 hxg6 29. Rxc7 Bd7 30. Bd5 Kh8 31. Bxe6 Re8 32. Qd1 1-0

[Event "2nd Yerevan Open"]
[Site "?"]
[Date "2017.09.25"]
[Round "7.8"]
[White "Babujian, Levon"]
[Black "Korneev, Oleg"]
[Result "0-1"]
[WhiteElo "2458"]
[BlackElo "2550"]
[PlyCount "66"]
[EventDate "2017.??.??"]
[TimeControl "6000+1365"]
[WhiteClock "0:02:03"]
[BlackClock "0:08:25"]

1. c4 e5 2. Nc3 Nc6 3. g3 Bc5 4. Bg2 a6 5. Nf3 d6 6. d3 Nf6 7. O-O h6 8. a3 O-O
9. b4 Ba7 10. Rb1 Nd4 11. Nd2 c6 12. a4 d5 13. b5 Re8 14. cxd5 cxd5 15. Nb3 Bg4
16. h3 Be6 17. Nxd4 Bxd4 18. Bd2 Bxc3 19. Bxc3 d4 20. Bd2 Bd5 21. bxa6 Bxg2 22.
Kxg2 Rxa6 23. Kh2 b6 24. Qb3 Qd7 25. Rfc1 Qxa4 26. Qxa4 Rxa4 27. Rxb6 Ra2 28.
Rd1 e4 29. dxe4 Nxe4 30. Bf4 Nxf2 31. Rxd4 Rexe2 32. h4 Ng4+ 33. Kh3 f5 0-1

[Event "2nd Yerevan Open"]
[Site "?"]
[Date "2017.09.25"]
[Round "7.9"]
[White "Tabatabaei, M.Amin"]
[Black "Sargsyan, Shant"]
[Result "1-0"]
[WhiteElo "2548"]
[BlackElo "2436"]
[PlyCount "67"]
[EventDate "2017.??.??"]
[TimeControl "5400+1285"]
[WhiteClock "0:44:44"]
[BlackClock "0:00:33"]

1. e4 e5 2. Nf3 Nc6 3. Bb5 a6 4. Ba4 Nf6 5. O-O Be7 6. Re1 b5 7. Bb3 d6 8. c3
O-O 9. a4 b4 10. a5 Rb8 11. d3 bxc3 12. bxc3 Be6 13. Bxe6 fxe6 14. Nbd2 Qe8 15.
h3 Qg6 16. Qa4 Nd8 17. Qc4 Nh5 18. Kh2 Rb5 19. Qxc7 Rb7 20. Qc4 Rb5 21. Nf1 Nb7
22. Be3 Bd8 23. Qc6 Qe8 24. Qxa6 Nxa5 25. Qxd6 Nf4 26. Rab1 Rxb1 27. Rxb1 Be7
28. Qa6 Nc6 29. Rb6 Nd8 30. Nxe5 Ne2 31. Qc4 Bf6 32. Ng4 Bxc3 33. d4 h5 34. Ne5
1-0

[Event "2nd Yerevan Open"]
[Site "?"]
[Date "2017.09.25"]
[Round "7.11"]
[White "Andriasian, Zaven"]
[Black "Nugumanov, Bakhtiyar"]
[Result "1/2-1/2"]
[WhiteElo "2593"]
[BlackElo "2401"]
[PlyCount "137"]
[EventDate "2017.??.??"]
[TimeControl "6000+630"]
[WhiteClock "0:04:44"]
[BlackClock "0:04:46"]

1. e4 c6 2. d4 d5 3. e5 c5 4. dxc5 Nc6 5. Bf4 e6 6. Nf3 Bxc5 7. Bd3 f5 8. h4
Qb6 9. O-O Qxb2 10. Nbd2 Qa3 11. Nb3 Bb6 12. c4 Nge7 13. Qe2 dxc4 14. Bxc4 Ng6
15. Bc1 Qe7 16. g3 O-O 17. h5 Nh8 18. Bg5 Qe8 19. h6 Qg6 20. hxg7 Qxg7 21. Kg2
Bd8 22. Bxd8 Nxd8 23. Nfd4 f4 24. Rae1 b6 25. Qh5 Ng6 26. Kh2 Kh8 27. Nd2 Bb7
28. Qg5 Rc8 29. Bxe6 Rc5 30. gxf4 Nxf4 31. Qxg7+ Kxg7 32. Bc4 Ng6 33. f4 Nxf4
34. Kg3 Ng6 35. Rxf8 Kxf8 36. e6 Rg5+ 37. Kf2 Ke7 38. N2f3 Bxf3 39. Nxf3 Rc5
40. Bd3 Nf8 41. Nd4 Ndxe6 42. Bxh7 Kd6 43. Nxe6 Nxe6 44. Rd1+ Kc6 45. Bg8 Rc2+
46. Ke3 Nc5 47. Rd2 Rc3+ 48. Ke2 Kb5 49. Rd4 Rh3 50. Kd2 Ka5 51. Kc2 b5 52. Bb3
Rh2+ 53. Kc3 Re2 54. Rd5 Na4+ 55. Kd3 Rh2 56. Rd4 Rh3+ 57. Kc2 Nc5 58. Rg4 b4
59. Rg5 Kb5 60. Kb2 a5 61. Ba4+ Kc4 62. Rg4+ Kd5 63. Rg5+ Kd4 64. Rg4+ Ke3 65.
Bc2 Rh2 66. Rc4 Nd3+ 67. Ka1 Rh1+ 68. Bb1 a4 69. a3 1/2-1/2

[Event "2nd Yerevan Open"]
[Site "?"]
[Date "2017.09.25"]
[Round "7.12"]
[White "Mkrtchian, Lilit"]
[Black "Ter-Sahakyan, Samvel"]
[Result "0-1"]
[WhiteElo "2401"]
[BlackElo "2577"]
[PlyCount "90"]
[EventDate "2017.??.??"]
[TimeControl "6000+1955"]
[WhiteClock "0:30:16"]
[BlackClock "0:21:47"]

1. c4 e5 2. Nc3 Bb4 3. Nd5 Bc5 4. Nf3 c6 5. Nc3 d6 6. d4 exd4 7. Nxd4 Nf6 8. g3
d5 9. Nb3 Bb4 10. cxd5 Qxd5 11. Qxd5 Nxd5 12. Bd2 Nxc3 13. Bxc3 Bxc3+ 14. bxc3
a5 15. a4 Kd8 16. c4 Be6 17. e4 Kc7 18. Kd2 b6 19. Kc3 c5 20. e5 Nc6 21. f4
Rad8 22. Bd3 Nb4 23. Be4 Bd7 24. Rhd1 Bc6 25. Bxc6 Kxc6 26. Rab1 h5 27. h3 Rhe8
28. h4 f6 29. Rxd8 Rxd8 30. exf6 gxf6 31. Rg1 Rd3+ 32. Kb2 Re3 33. Nc1 Rf3 34.
Rg2 Kd6 35. Rd2+ Ke6 36. Ne2 Re3 37. Nc3 Rxg3 38. Nb5 Rd3 39. Rf2 Kf5 40. Rf1
Rd2+ 41. Kc3 Rd3+ 42. Kb2 Rd7 43. Nc3 Rd4 44. Nb5 Rxf4 45. Nd6+ Kg4 0-1

[Event "2nd Yerevan Open"]
[Site "?"]
[Date "2017.09.25"]
[Round "7.13"]
[White "Martirosyan , Haik M."]
[Black "Bagaturov , Giorgi"]
[Result "1-0"]
[WhiteElo "2570"]
[BlackElo "2400"]
[PlyCount "101"]

1. d4 Nf6 2. c4 e6 3. Nc3 Bb4 4. Qc2 O-O 5. a3 Bxc3+ 6. Qxc3 b6 7. Bg5 Bb7 8.
e3 d6 9. Ne2 Nbd7 10. Qc2 c5 11. Rd1 Qc8 12. Nc3 cxd4 13. Rxd4 d5 14. cxd5 Nxd5
15. Rc4 Qb8 16. Bh4 Nxc3 17. Bg3 Qd8 18. Rxc3 Rc8 19. f3 Qf6 20. Bc4 a6 21. a4
h5 22. h4 e5 23. O-O Nc5 24. Rd1 a5 25. Bd5 Ba6 26. b3 e4 27. fxe4 Nxa4 28. Rc6
Rxc6 29. Qxc6 Nc3 30. Qxf6 gxf6 31. Rd2 Ne2+ 32. Kf2 Nxg3 33. Kxg3 Kg7 34. Rc2
Rc8 35. Rf2 Rc3 36. Kf4 Bc8 37. e5 fxe5+ 38. Kg5 f5 39. Kxh5 f4 40. g4 Bd7 41.
Kg5 Rxe3 42. Rc2 Kf8 43. h5 Rg3 44. Kf6 Bxg4 45. Rc7 Rh3 46. Rg7 Ke8 47. Rxg4
Kd7 48. Rg5 Kd6 49. Rxe5 f3 50. Rf5 f2 51. Bf7 1-0

[Event "2nd Yerevan Open"]
[Site "?"]
[Date "2017.09.25"]
[Round "7.14"]
[White "Petrosyan , Manuel"]
[Black "Kalashian , David"]
[Result "1-0"]
[WhiteElo "2559"]
[BlackElo "2389"]
[PlyCount "107"]

1. d4 g6 2. c4 Bg7 3. Nf3 c5 4. e4 cxd4 5. Nxd4 Nc6 6. Nc2 d6 7. Be2 Qb6 8. Nd2
Nd4 9. Nxd4 Qxd4 10. O-O Nf6 11. Qc2 O-O 12. Rb1 Bd7 13. Bd3 Rfc8 14. Nf3 Qb6
15. Be3 Qa6 16. Rfc1 b5 17. cxb5 Qxa2 18. Bc4 Qa5 19. Ra1 Qd8 20. Qb3 e6 21.
Bd3 Rxc1+ 22. Bxc1 Qb8 23. Bf4 Qb7 24. Qa4 d5 25. e5 Ne4 26. Be3 Bf8 27. Qa6
Qxa6 28. bxa6 Nc5 29. Bf1 Nb3 30. Rd1 Na5 31. h4 h6 32. Rc1 Nc4 33. Bd4 Ba4 34.
Nh2 h5 35. Nf3 Bb5 36. b3 Na3 37. Rc7 Bxf1 38. Kxf1 Nb5 39. Rb7 Nxd4 40. Nxd4
Bc5 41. Nc6 Rc8 42. Ne7+ Bxe7 43. Rxe7 Rc3 44. Rb7 Kg7 45. Ke2 Rc6 46. Rxa7 Rb6
47. f4 Rxb3 48. Rb7 Ra3 49. a7 Ra2+ 50. Kd3 Ra3+ 51. Kd4 Ra4+ 52. Kc5 Ra1 53.
Kb6 d4 54. Rb8 1-0

[Event "2nd Yerevan Open"]
[Site "?"]
[Date "2017.09.25"]
[Round "7.15"]
[White "Harutyunian , Tigran K."]
[Black "Gharibyan , Mamikon"]
[Result "1-0"]
[WhiteElo "2520"]
[BlackElo "2365"]
[PlyCount "107"]

1. Nf3 d5 2. c4 e6 3. g3 dxc4 4. Bg2 Nd7 5. Qa4 a6 6. Qxc4 b5 7. Qb3 Bb7 8. O-O
Ngf6 9. Nc3 Be7 10. d3 O-O 11. a4 Nc5 12. Qc2 Rb8 13. Be3 bxa4 14. Bxc5 Bxc5
15. Nxa4 Bd6 16. Rfc1 Nd5 17. Nc5 Nb4 18. Qc3 Bd5 19. Nxa6 Nxa6 20. Rxa6 Rb3
21. Qd2 Qb8 22. Rc2 Qb5 23. Ra1 Bxf3 24. Bxf3 Rb8 25. Ra2 c5 26. Qc1 Rb4 27.
Qa1 g6 28. Ra6 Qd7 29. Ra7 Qd8 30. Kg2 Qf6 31. Ra2 h5 32. h4 Kg7 33. Qc1 Rd4
34. Rc3 Rdb4 35. Rc2 R4b6 36. Qd2 Rb3 37. Be4 R3b4 38. Bf3 Rb3 39. Ra6 Be7 40.
Ra2 Bd6 41. e3 Be5 42. Rxc5 Rxb2 43. Rxb2 Rxb2 44. Qc1 Ra2 45. d4 Bd6 46. Rc6
Be7 47. Qb1 Rd2 48. Qc1 Bb4 49. Rb6 Qe7 50. Rb7 Qd6 51. Qc8 Qf8 52. Qxe6 Kg8
53. Qb6 Bd6 54. Bd5 1-0

[Event "2nd Yerevan Open"]
[Site "?"]
[Date "2017.09.25"]
[Round "7.16"]
[White "Minasian, Artashes"]
[Black "Tahbaz , Arash"]
[Result "1/2-1/2"]
[WhiteElo "2492"]
[BlackElo "2381"]
[PlyCount "26"]

1. e4 e5 2. Nf3 Nc6 3. Bb5 Nf6 4. d3 Bc5 5. O-O Nd4 6. Nxd4 Bxd4 7. c3 Bb6 8.
d4 O-O 9. dxe5 Nxe4 10. Nd2 Nxd2 11. Bxd2 d6 12. Bf4 dxe5 13. Bxe5 Qxd1 1/2-1/2

[Event "2nd Yerevan Open"]
[Site "?"]
[Date "2017.09.25"]
[Round "7.17"]
[White "Hayrapetyan , Hovik"]
[Black "Poghosyan , Suren"]
[Result "1/2-1/2"]
[WhiteElo "2472"]
[BlackElo "2256"]
[PlyCount "157"]

1. Nf3 Nf6 2. c4 c5 3. Nc3 Nc6 4. g3 d5 5. cxd5 Nxd5 6. Nxd5 Qxd5 7. Bg2 e5 8.
d3 Bg4 9. O-O Qd7 10. Be3 Bxf3 11. Bxf3 Nd4 12. Bxd4 exd4 13. Qb3 Rb8 14. Bd5
Bd6 15. e4 O-O 16. f4 Kh8 17. e5 Bc7 18. Rae1 b5 19. f5 Ba5 20. Re2 Bb6 21. e6
fxe6 22. fxe6 Rxf1+ 23. Kxf1 Rf8+ 24. Kg1 Qe7 25. Qxb5 Bd8 26. Bg2 Qg5 27. h4
Qe7 28. Qd7 g6 29. Re5 Rf5 30. Qd5 Rxe5 31. Qxe5+ Kg8 32. Kh2 Bc7 33. Qe4 Kg7
34. Bh3 Qd6 35. Qf3 Qf8 36. Qe2 Qd6 37. Qf3 Qf8 38. Qg4 Qf2+ 39. Bg2 Qe3 40. h5
Kf6 41. hxg6 Qh6+ 42. Kg1 Qe3+ 43. Kh2 Qh6+ 44. Qh3 Qxh3+ 45. Kxh3 hxg6 46. Bd5
Bd6 47. Kg4 Bc7 48. Kf3 Bd6 49. Kg4 Bc7 50. Bc4 Bd6 51. Bb3 g5 52. Bc4 Be7 53.
Bd5 Ke5 54. Bb3 Kf6 55. Kf3 Kf5 56. Bc4 g4+ 57. Kf2 Bd6 58. Bb3 Kf6 59. a3 Ke5
60. Bc4 Kf6 61. Ba6 Ke7 62. Kg2 Bc7 63. Bc4 Bd6 64. Bb3 Kf6 65. Bd1 Kg5 66. Kg1
Kf5 67. Kf2 Kg5 68. Ba4 Kf6 69. Bd7 Ke7 70. Bc8 Bc7 71. Bb7 Bd6 72. Ba6 Bc7 73.
Bc8 Bd6 74. Bb7 Kf6 75. Bd5 Ke5 76. Bb3 Kf6 77. Kf1 Kg5 78. Ba4 Kf6 79. Bd7
1/2-1/2

[Event "2nd Yerevan Open"]
[Site "?"]
[Date "2017.09.25"]
[Round "7.18"]
[White "Hayrapetyan , Artavazd R."]
[Black "Hakobyan , Aram"]
[Result "1-0"]
[WhiteElo "2346"]
[BlackElo "2472"]
[PlyCount "92"]

1. c4 b6 2. Nc3 Bb7 3. e4 e6 4. g3 Bb4 5. Nge2 f5 6. Bg2 Nf6 7. d3 fxe4 8. O-O
O-O 9. dxe4 Ng4 10. Nf4 Ne5 11. Nb5 Nbc6 12. b3 a6 13. Nd4 Bc3 14. Nxc6 Nxc6
15. Rb1 Bd4 16. b4 b5 17. a4 e5 18. axb5 axb5 19. Ne2 Ba7 20. c5 d6 21. Qb3+
Kh8 22. Be3 dxc5 23. bxc5 b4 24. Ra1 Qe7 25. Qc4 Rfd8 26. h4 h6 27. Ra4 Rab8
28. Bh3 Qe8 29. Rfa1 Ba8 30. Be6 Qh5 31. Bd5 Qf3 32. Kh2 b3 33. Ng1 Qh5 34. Rb1
g5 35. f3 Rf8 36. Rxb3 Rbd8 37. Bxc6 Bxc6 38. Rxa7 Rxf3 39. Qe6 Rd2+ 40. Bxd2
Rf2+ 41. Kh3 g4+ 42. Qxg4 Rh2+ 43. Kxh2 Qxg4 44. Rb8+ Kg7 45. Rxc7+ Bd7 46. c6
Kg6 1-0

[Event "2nd Yerevan Open"]
[Site "?"]
[Date "2017.09.25"]
[Round "7.19"]
[White "Baghdasaryan, Vahe"]
[Black "Manukyan, Sargis V."]
[Result "1/2-1/2"]
[WhiteElo "2440"]
[BlackElo "2287"]
[PlyCount "61"]

1. c4 Nf6 2. Nc3 c5 3. g3 g6 4. Bg2 Bg7 5. e4 Nc6 6. d3 d6 7. Nge2 O-O 8. O-O
a6 9. Rb1 Rb8 10. a4 Ne8 11. Be3 Nc7 12. d4 b6 13. Qd2 Bg4 14. f3 Bd7 15. Rfd1
cxd4 16. Nxd4 Nxd4 17. Bxd4 Bxd4+ 18. Qxd4 b5 19. e5 Bf5 20. Rbc1 bxc4 21. Qxc4
Rxb2 22. exd6 exd6 23. Qc6 Qb8 24. Qxd6 Qa7+ 25. Qd4 Qxd4+ 26. Rxd4 Ne6 27. Rd6
Rc8 28. g4 Nf4 29. Bf1 Rc2 30. Rxc2 Bxc2 31. Nd5 1/2-1/2

[Event "2nd Yerevan Open"]
[Site "?"]
[Date "2017.09.25"]
[Round "7.20"]
[White "Torosyan , Norayr"]
[Black "Ghazaryan , Raffi"]
[Result "1-0"]
[WhiteElo "2404"]
[BlackElo "1833"]
[PlyCount "171"]

1. e4 c5 2. Nf3 e6 3. d4 cxd4 4. Nxd4 Nc6 5. Nc3 Nf6 6. Nxc6 bxc6 7. Bd3 d5 8.
O-O Be7 9. Re1 O-O 10. Qf3 a5 11. Bf4 Ba6 12. Rad1 Bxd3 13. Rxd3 Nd7 14. Qh5
Nf6 15. Qh3 Re8 16. e5 Nd7 17. Qg4 Nf8 18. Bc1 Ng6 19. Qh5 Bf8 20. Rh3 h6 21.
g4 Nf4 22. Bxf4 g6 23. Qh4 Qxh4 24. Rxh4 g5 25. Bxg5 hxg5 26. Rh5 Be7 27. Ne2
Kg7 28. Kg2 Kg6 29. f4 Rab8 30. b3 Rb4 31. Kf3 Re4 32. Rg1 Kg7 33. Rg3 Bc5 34.
Rxg5+ Kf8 35. Nc3 Re1 36. Na4 Ba7 37. Rh3 Rf1+ 38. Ke2 Rxf4 39. Rf3 Re4+ 40.
Kd3 Rd4+ 41. Kc3 Re4 42. h4 Be3 43. Rh5 Rxg4 44. Kd3 Ba7 45. Rh7 Rg7 46. Rh6
Ke7 47. Nc3 Reg8 48. Ne2 Bb8 49. Rh5 Ba7 50. c3 Rg4 51. Rh7 R8g7 52. Rh8 Rg8
53. Rxg8 Rxg8 54. Nd4 Bxd4 55. cxd4 Rh8 56. Rf4 Rg8 57. Rf3 Rh8 58. Rf4 Rg8 59.
Ke3 Rg1 60. Kf3 Rf1+ 61. Kg4 Rg1+ 62. Kh5 Rg8 63. Kh6 Rg1 64. h5 Rg2 65. Kh7
Rg3 66. h6 Rg2 67. Kh8 Rg3 68. h7 Rg2 69. a3 Rg3 70. b4 a4 71. Rf2 Rg4 72. Rc2
Kd7 73. Rb2 Ke7 74. Rc2 Kd7 75. Rc1 Rg3 76. Rb1 Rg4 77. b5 cxb5 78. Rxb5 Ke7
79. Rb4 Kf8 80. Rxa4 Ke7 81. Rb4 Kf8 82. a4 Rg3 83. a5 Ke7 84. a6 Ra3 85. Rb7+
Kf8 86. a7 1-0

[Event "2nd Yerevan Open"]
[Site "?"]
[Date "2017.09.25"]
[Round "7.21"]
[White "Hakobyan,  Romik"]
[Black "Omidi, Arya"]
[Result "1-0"]
[WhiteElo "1927"]
[BlackElo "2402"]
[PlyCount "119"]

1. d4 Nf6 2. Nf3 g6 3. c4 Bg7 4. Nc3 d5 5. Bf4 O-O 6. e3 c5 7. dxc5 Qa5 8. Qd2
dxc4 9. Bxc4 Qxc5 10. Qd4 Qa5 11. Qe5 Qxe5 12. Nxe5 Nbd7 13. Rd1 Nb6 14. Bb3
Bf5 15. h3 Rac8 16. g4 Be6 17. Bxe6 fxe6 18. Ke2 Nfd5 19. Nxd5 exd5 20. Rc1 Na4
21. Rhd1 e6 22. Rxc8 Rxc8 23. Rd2 g5 24. Bg3 b5 25. Kd1 Nb6 26. b3 Kf8 27. Rc2
Rxc2 28. Kxc2 Bxe5 29. Bxe5 Ke7 30. Kd3 Nd7 31. Kd4 Kf7 32. f4 Kg6 33. Bd6 a6
34. Be7 h6 35. Bd8 Nb8 36. Kc5 d4 37. exd4 gxf4 38. Kd6 Kf7 39. Kc7 Ke8 40. Bh4
Nd7 41. Kd6 Nf8 42. Bf2 Kf7 43. Ke5 Ng6+ 44. Ke4 Kf6 45. h4 Ne7 46. Kxf4 Nd5+
47. Kf3 Nc3 48. a3 Nb1 49. Be1 Nxa3 50. Bd2 Nc2 51. Ke4 Na1 52. b4 Kg6 53. Kd3
Nb3 54. Kc3 Nxd2 55. Kxd2 h5 56. g5 Kf5 57. Ke3 e5 58. d5 a5 59. d6 Ke6 60. g6
1-0

[Event "2nd Yerevan Open"]
[Site "?"]
[Date "2017.09.25"]
[Round "7.22"]
[White "Davtyan , Artur"]
[Black "Nalbandian , Tigran"]
[Result "1-0"]
[WhiteElo "2303"]
[BlackElo "2455"]
[PlyCount "88"]

1. d4 Nf6 2. c4 d6 3. Nf3 g6 4. g3 Bg7 5. Bg2 O-O 6. Nc3 c6 7. e4 Bg4 8. h3
Bxf3 9. Bxf3 e5 10. Be3 exd4 11. Bxd4 Nbd7 12. O-O Re8 13. Bg2 Qa5 14. Qc2 Re7
15. Rad1 Rae8 16. Qd2 Re6 17. Rfe1 Qb4 18. a3 Qxc4 19. Bf1 Qb3 20. Re3 Ne5 21.
Qe2 Kf8 22. Nd5 Qa4 23. Nc7 Qa5 24. Nxe6+ Rxe6 25. Bg2 a6 26. Qc2 Ned7 27. Red3
Ne8 28. h4 Bxd4 29. Rxd4 Ne5 30. Qb3 b5 31. Qe3 Qc7 32. Qc3 h5 33. Bh3 Rf6 34.
f4 Nc4 35. b3 c5 36. Rd5 Nb6 37. R5d2 Qc6 38. e5 dxe5 39. Qxe5 Qc7 40. Qxc7
Nxc7 41. Rd6 Rxd6 42. Rxd6 Nbd5 43. Rc6 Ke7 44. Bg2 Kd7 1-0

[Event "2nd Yerevan Open"]
[Site "?"]
[Date "2017.09.25"]
[Round "7.23"]
[White "Onischuk , Vladimir"]
[Black "Yayloyan , Konstantin"]
[Result "1-0"]
[WhiteElo "2638"]
[BlackElo "2142"]
[PlyCount "79"]

1. e4 c5 2. Nf3 d6 3. c3 Nf6 4. Be2 e5 5. O-O Be7 6. d3 O-O 7. Nbd2 Nc6 8. Re1
d5 9. exd5 Nxd5 10. Nc4 Bf6 11. a4 Re8 12. a5 Bf5 13. Bf1 Qc7 14. Nfd2 Rad8 15.
Qf3 Bg6 16. g3 Be7 17. h4 h6 18. Bh3 Bf8 19. Ne4 b5 20. axb6 axb6 21. Ra6 Qb7
22. Ra2 b5 23. Ne3 Nxe3 24. Qxe3 f5 25. Nxc5 Qf7 26. Ra6 Nb8 27. Rxg6 Qxg6 28.
Nb7 f4 29. Qe4 Qxe4 30. dxe4 fxg3 31. Nxd8 gxf2+ 32. Kxf2 Rxd8 33. Be3 Be7 34.
Be6+ Kh7 35. Rh1 Rd6 36. Bg4 Rf6+ 37. Ke2 g6 38. h5 Kg7 39. b4 Nc6 40. Rd1 1-0

[Event "2nd Yerevan Open"]
[Site "?"]
[Date "2017.09.25"]
[Round "7.24"]
[White "Sargissyan , Sargis"]
[Black "Vardanian , Haik G."]
[Result "0-1"]
[WhiteElo "2295"]
[BlackElo "2355"]
[PlyCount "146"]

1. e4 c5 2. Nf3 e6 3. d4 cxd4 4. Nxd4 a6 5. Nc3 Qc7 6. Bd3 g6 7. O-O Bg7 8. Nf3
Nc6 9. Re1 d6 10. Bf4 Nge7 11. Qd2 O-O 12. Rad1 e5 13. Be3 b5 14. Be2 Rd8 15.
a4 b4 16. Nd5 Nxd5 17. exd5 Ne7 18. Qxb4 Rb8 19. Qc3 Qb7 20. Qa5 Re8 21. b3 Nf5
22. Bc1 Re7 23. Bc4 Qd7 24. Ba3 e4 25. Ng5 e3 26. Bc1 exf2+ 27. Kxf2 Bd4+ 28.
Kf1 Ne3+ 29. Bxe3 Bxe3 30. Nf3 Qe8 31. Qc3 f5 32. Qf6 Qd7 33. Nd4 Re4 34. Ne6
Bb7 35. Rd3 Bb6 36. Ng5 Rxe1+ 37. Kxe1 Re8+ 38. Ne6 Qf7 39. Qxf7+ Kxf7 40. Kf1
Kf6 41. b4 Rc8 42. Bb3 a5 43. b5 g5 44. Rh3 Kg6 45. Rg3 g4 46. c4 Kf6 47. Rd3
h5 48. Rd1 h4 49. Re1 Re8 50. Rd1 Bc8 51. Re1 h3 52. gxh3 gxh3 53. Bd1 Rh8 54.
Bc2 Rh4 55. Bd3 Rg4 56. Ke2 Rg2+ 57. Kd1 Rxh2 58. Rf1 Rf2 59. Rxf2 Bxf2 60. Bf1
h2 61. Bg2 Bb6 62. Ke2 Bd7 63. Kf3 Be8 64. Kg3 Bh5 65. Kxh2 Bd1 66. Bf1 Bxa4
67. c5 dxc5 68. Bc4 Ke5 69. Kg3 Bc2 70. Kf3 Be4+ 71. Ke3 Bxd5 72. Bxd5 Kxd5 73.
Nf4+ Kc4 0-1

[Event "2nd Yerevan Open"]
[Site "?"]
[Date "2017.09.25"]
[Round "7.25"]
[White "Bagheri , Maziar"]
[Black "Pogosyan , Stefan"]
[Result "0-1"]
[WhiteElo "2285"]
[BlackElo "2349"]
[PlyCount "56"]

1. e4 e5 2. Nf3 Nc6 3. Bb5 a6 4. Ba4 Nf6 5. O-O Be7 6. Re1 b5 7. Bb3 O-O 8. c3
d5 9. exd5 Nxd5 10. Nxe5 Nxe5 11. Rxe5 c6 12. d4 Bd6 13. Re1 Qh4 14. g3 Qh3 15.
Re4 g5 16. Re1 Bg4 17. Qd3 Rae8 18. Be3 f5 19. Qf1 Qh5 20. Nd2 Bh3 21. Qe2 Qxe2
22. Rxe2 f4 23. Rae1 Kg7 24. Bxf4 Rxe2 25. Rxe2 gxf4 26. Ne4 f3 27. Re1 Re8 28.
Bc2 Bf5 0-1